Biological oceanography : an introduction

Αποθηκεύτηκε σε:
Λεπτομέρειες βιβλιογραφικής εγγραφής
Κύριος συγγραφέας: Lalli, Carol M.
Άλλοι συγγραφείς: Parsons, Timothy Richard 1932-
Μορφή: Βιβλίο
Γλώσσα:English
Δημοσίευση: Oxford : Butterworth Heinemann, 2002
Έκδοση:2nd ed.
Σειρά:Open University oceanography series
Θέματα:
Ετικέτες: Προσθήκη ετικέτας
Δεν υπάρχουν, Καταχωρήστε ετικέτα πρώτοι!

MARC

LEADER 00000nam a2200000 i 4500
001 1/20590
008 051212s2002 eng d
020 |a 0-7506-3384-0 
035 |l 10081654 
040 |a GR-MY-UA  |b gre  |e aacr 
041 0 |a eng 
082 0 |a 578.77  |2 (22) 
100 1 |a Lalli, Carol M. 
245 1 0 |a Biological oceanography :  |b an introduction /  |c Carol M. Lalli and Timothy R. Parsons 
250 |a 2nd ed. 
260 |a Oxford :   |b Butterworth Heinemann,   |c 2002 
300 |a xii, 314 σ.;  |b έγχρ. εικ.;  |c 26 εκ. 
490 1 |a Open University oceanography series 
504 |a Περιέχει βιβλιογραφία (σ. [269]) και ευρετήριο 
650 0 0 |a Marine biological diversity. 
650 0 0 |a Marine biology. 
650 0 0 |a Marine ecology. 
650 0 0 |a Oceanography. 
700 1 |a Parsons, Timothy Richard  |d 1932- 
830 0 |a Open University oceanography series 
852 |a INST  |b LESVOS  |e 20051212  |h 578.77 LAL  |p 005100033786  |q 005100033786  |t BK  |y 0 
852 |a INST  |b LESVOS  |e 20051212  |h 578.77 LAL  |p 005100033787  |q 005100033787  |t BK  |y 0 
901 |a BIBL1-2005-3 
909 |a Λ  |b 117776 
909 |a Λ  |b 117775 
920 |a ΔΙΕΥΡΥΝΣΗ  |b ΕΠΕΑΕΚ-ΤΕΘ  |y ΛΕΣΒΟΣ  |z 2005-10 
970 |a ΚΑΡΑ  |b ΓΙΑΣΕΜΗ  |z 2005/12/12